Bhouthika Nikhandu (Record no. 3073)
[ view plain ]
| 000 -LEADER | |
|---|---|
| fixed length control field | 00535nam a22001937a 4500 |
| 003 - CONTROL NUMBER IDENTIFIER | |
| control field | OSt |
| 005 - DATE AND TIME OF LATEST TRANSACTION | |
| control field | 20220107122717.0 |
| 008 - FIXED-LENGTH DATA ELEMENTS--GENERAL INFORMATION | |
| fixed length control field | 130530b xxu||||| |||| 00| 0 eng d |
| 040 ## - CATALOGING SOURCE | |
| Transcribing agency | IIITM-K |
| 082 ## - DEWEY DECIMAL CLASSIFICATION NUMBER | |
| Classification number | 530.03 KRI/B |
| 100 ## - MAIN ENTRY--PERSONAL NAME | |
| Personal name | R Krishna Pillai |
| 9 (RLIN) | 920 |
| 245 ## - TITLE STATEMENT | |
| Title | Bhouthika Nikhandu |
| Statement of responsibility, etc. | by R Krishna Pillai, Sebastian Mathew |
| 260 ## - PUBLICATION, DISTRIBUTION, ETC. | |
| Place of publication, distribution, etc. | Thiruvananthapuram, |
| Name of publisher, distributor, etc. | State Institute of Languages, |
| Date of publication, distribution, etc. | 1993. |
| 300 ## - PHYSICAL DESCRIPTION | |
| Extent | 163. |
| 650 ## - SUBJECT ADDED ENTRY--TOPICAL TERM | |
| Topical term or geographic name entry element | DICTIONARY |
| 9 (RLIN) | 921 |
| 650 ## - SUBJECT ADDED ENTRY--TOPICAL TERM | |
| Topical term or geographic name entry element | PHYSICS |
| 9 (RLIN) | 922 |
| 700 ## - ADDED ENTRY--PERSONAL NAME | |
| Personal name | Sebastian Mathew |
| 9 (RLIN) | 923 |
| 942 ## - ADDED ENTRY ELEMENTS (KOHA) | |
| Source of classification or shelving scheme | Dewey Decimal Classification |
| Koha item type | |
| Withdrawn status | Lost status | Source of classification or shelving scheme | Damaged status | Not for loan | Home library | Current library | Shelving location | Date acquired | Cost, normal purchase price | Total Checkouts | Full call number | Barcode | Date last seen | Date last checked out | Price effective from | Koha item type |
|---|---|---|---|---|---|---|---|---|---|---|---|---|---|---|---|---|
| Dewey Decimal Classification | Kerala University of Digital Sciences, Innovation and Technology Knowledge Centre | Kerala University of Digital Sciences, Innovation and Technology Knowledge Centre | 30/05/2013 | 17.00 | 1 | R 530.03 KRI/B | 2759 | 03/12/2020 | 26/11/2013 | 30/05/2013 | Reference |